[Event "EYTCC U18 Open 2019"]
[Site "Pardubice"]
[Date "2019.07.16"]
[Round "6.27"]
[White "Parvanyan, Ashot"]
[Black "Haring, Filip"]
[Result "1-0"]
[WhiteElo "2423"]
[BlackElo "2334"]
[Annotator "ChessBase"]
[PlyCount "177"]
[EventDate "2019.07.11"]
[EventType "swiss"]
[EventCountry "CZE"]
[SourceTitle "playchess.com"]
[Source "ChessBase"]
[SourceQuality "1"]
[WhiteTeam "Germany"]
[BlackTeam "Slovakia"]
[WhiteTeamCountry "GER"]
[BlackTeamCountry "SVK"]
[TimeControl "40/5400+30:1800+30"]

1. Nf3 {[%emt 0:00:00]} d5 {[%emt 0:00:00]} 2. g3 {[%emt 0:00:00]} c6 {[%emt 0:00:00]} 3. Bg2 {[%emt 0:00:07]} Bg4 {[%emt 0:00:08]} 4. O-O {[%emt 0:00:21]} Nd7 {[%emt 0:00:15]} 5. d3 {[%emt 0:00:35]} Ngf6 {[%emt 0:00:52]} 6. h3 {[%emt 0:00:17]} Bxf3 {[%emt 0:01:09]} 7. Bxf3 {[%emt 0:00:08]} e6 {[%emt 0:00:25]} 8. e4 {[%emt 0:01:23]} Be7 {[%emt 0:00:44]} 9. Nc3 {[%emt 0:01:36]} O-O {[%emt 0:00:38]} 10. Bg2 {[%emt 0:04:02]} a5 {[%emt 0:03:54]} 11. Qe2 {[%emt 0:06:47]} a4 {[%emt 0:05:37]} 12. a3 {[%emt 0:02:51]} b5 {[%emt 0:07:49]} 13. Kh1 {[%emt 0:22:31]} Nb6 {[%emt 0:09:04]} 14. f4 {[%emt 0:03:56]} d4 {[%emt 0:09:13]} 15. Nd1 {[%emt 0:00:41]} c5 {[%emt 0:06:15]} 16. Nf2 {[%emt 0:04:49]} b4 {[%emt 0:05:21]} 17. g4 {[%emt 0:03:24]} Rc8 {[%emt 0:09:21]} 18. g5 {[%emt 0:05:28]} Nfd7 {[%emt 0:02:01]} 19. e5 {[%emt 0:08:46]} c4 {[%emt 0:03:42]} 20. axb4 {[%emt 0:02:20]} Bxb4 {[%emt 0:05:26]} 21. Ne4 {[%emt 0:13:57]} Be7 {[%emt 0:05:56]} 22. f5 {[%emt 0:09:29]} exf5 {[%emt 0:02:23]} 23. Rxf5 {[%emt 0:00:48]} cxd3 {[%emt 0:04:24]} 24. cxd3 {[%emt 0:00:20]} g6 {[%emt 0:01:57]} 25. Rf1 {[%emt 0:00:15]} Kg7 {[%emt 0:01:28]} 26. Nd6 {[%emt 0:02:41]} Rc5 {[%emt 0:06:40]} 27. Nb7 {[%emt 0:01:35]} Rxe5 {[%emt 0:02:34]} 28. Qxe5+ {[%emt 0:00:10]} Nxe5 {[%emt 0:00:06]} 29. Nxd8 {[%emt 0:00:04]} Rxd8 {[%emt 0:04:13]} 30. Bf4 {[%emt 0:01:57]} Bd6 {[%emt 0:00:50]} 31. Be4 {[%emt 0:00:52]} Bb8 {[%emt 0:02:14]} 32. Rac1 {[%emt 0:01:48]} Nbd7 {[%emt 0:00:39]} 33. Rc2 {[%emt 0:01:05]} f5 {[%emt 0:00:34]} 34. gxf6+ {[%emt 0:00:22]} Nxf6 {[%emt 0:00:05]} 35. Bh6+ {[%emt 0:01:31]} Kxh6 {[%emt 0:00:18]} 36. Rxf6 {[%emt 0:00:04]} Bd6 {[%emt 0:00:21]} 37. Kg2 {[%emt 0:00:46]} Kg7 {[%emt 0:01:02]} 38. Rf1 {[%emt 0:00:20]} a3 {[%emt 0:00:24]} 39. bxa3 {[%emt 0:00:17]} Bxa3 {[%emt 0:00:06]} 40. Rc7+ {[%emt 0:00:55]} Kh6 {[%emt 0:00:21]} 41. Rb1 {[%emt 0:12:17]} Bd6 {[%emt 0:00:40]} 42. Rc2 {[%emt 0:00:17]} Nf7 {[%emt 0:11:38]} 43. Rb5 {[%emt 0:03:53]} Re8 {[%emt 0:08:53]} 44. Rd5 {[%emt 0:07:03]} Be5 {[%emt 0:01:22]} 45. Re2 {[%emt 0:01:31]} Bf6 {[%emt 0:08:33]} 46. Rf2 {[%emt 0:03:38]} Kg7 {[%emt 0:01:12]} 47. Rd7 {[%emt 0:03:53]} Re7 {[%emt 0:00:10]} 48. Rxe7 {[%emt 0:00:48]} Bxe7 {[%emt 0:00:04]} 49. Ra2 {[%emt 0:00:19]} Nd6 {[%emt 0:02:11]} 50. Kf3 {[%emt 0:00:43]} Kf6 {[%emt 0:00:29]} 51. Ra5 {[%emt 0:00:25]} Ke6 {[%emt 0:00:19]} 52. Bd5+ {[%emt 0:00:30]} Kf6 {[%emt 0:00:10]} 53. Bc6 {[%emt 0:01:18]} Ke6 {[%emt 0:01:29]} 54. Ra7 {[%emt 0:00:34]} Kf6 {[%emt 0:00:22]} 55. Bd7 {[%emt 0:00:27]} h5 {[%emt 0:00:53]} 56. Ra4 {[%emt 0:00:19]} Ke5 {[%emt 0:00:32]} 57. Ra5+ {[%emt 0:00:07]} Kf6 {[%emt 0:00:01]} 58. Rd5 {[%emt 0:00:30]} Nf7 {[%emt 0:00:25]} 59. Rxd4 g5 {[%emt 0:00:48]} 60. Be8 {[%emt 0:01:34]} Ne5+ {[%emt 0:00:35]} 61. Kg2 {[%emt 0:00:34]} h4 {[%emt 0:00:21]} 62. Bh5 {[%emt 0:00:27]} Bc5 {[%emt 0:00:29]} 63. Rd5 {[%emt 0:00:12]} Be3 {[%emt 0:00:17]} 64. d4 {[%emt 0:00:45]} Nd3 {[%emt 0:00:05]} 65. Kf3 {[%emt 0:00:35]} Nf4 {[%emt 0:00:08]} 66. Rd8 {[%emt 0:00:31]} Bxd4 67. Rxd4 {[%emt 0:00:26]} Nxh5 {[%emt 0:01:17]} 68. Rd6+ {[%emt 0:00:28]} Kf5 {[%emt 0:00:18]} 69. Rd5+ {[%emt 0:00:31]} Kg6 {[%emt 0:00:12]} 70. Ra5 Nf6 {[%emt 0:00:16]} 71. Re5 {[%emt 0:00:58]} Nd7 {[%emt 0:00:32]} 72. Rb5 {[%emt 0:00:25]} Nf6 {[%emt 0:00:06]} 73. Rb4 {[%emt 0:00:17]} Kf5 {[%emt 0:00:10]} 74. Ra4 {[%emt 0:00:20]} Kg6 {[%emt 0:00:23]} 75. Ke3 {[%emt 0:00:24]} Kf5 {[%emt 0:00:14]} 76. Ra5+ {[%emt 0:00:13]} Kg6 {[%emt 0:00:07]} 77. Ra6 {[%emt 0:00:46]} Kf5 {[%emt 0:00:07]} 78. Ra5+ {[%emt 0:00:10]} Kg6 {[%emt 0:00:05]} 79. Rb5 {[%emt 0:00:25]} Nh5 {[%emt 0:01:13]} 80. Ke4 {[%emt 0:00:34]} Nf6+ {[%emt 0:00:57]} 81. Ke5 {[%emt 0:00:30]} Nd7+ {[%emt 0:00:43]} 82. Ke6 {[%emt 0:00:30]} Nf8+ {[%emt 0:02:25]} 83. Ke7 {[%emt 0:00:14]} Nh7 {[%emt 0:00:16]} 84. Rb6+ {[%emt 0:01:25]} Kg7 {[%emt 0:01:28]} 85. Ke6 {[%emt 0:00:38]} Kg6 {[%emt 0:00:34]} 86. Ke5+ {[%emt 0:00:09]} Kg7 {[%emt 0:00:29]} 87. Kf5 {[%emt 0:00:05]} Kg8 {[%emt 0:00:26]} 88. Rb7 {[%emt 0:00:20]} Kh8 {[%emt 0:00:30]} 89. Ke6 1-0

[Event "EYTCC U18 Open 2019"]
[Site "Pardubice"]
[Date "2019.07.16"]
[Round "6.28"]
[White "Sahidi, Samir"]
[Black "Schmidek, Emil"]
[Result "0-1"]
[WhiteElo "2369"]
[BlackElo "2391"]
[Annotator "ChessBase"]
[PlyCount "110"]
[EventDate "2019.07.11"]
[EventType "swiss"]
[EventCountry "CZE"]
[SourceTitle "playchess.com"]
[Source "ChessBase"]
[SourceQuality "1"]
[WhiteTeam "Slovakia"]
[BlackTeam "Germany"]
[WhiteTeamCountry "SVK"]
[BlackTeamCountry "GER"]
[TimeControl "40/5400+30:1800+30"]

1. c4 {[%emt 0:00:00]} Nf6 {[%emt 0:00:00]} 2. Nc3 {[%emt 0:00:00]} g6 {[%emt 0:00:00]} 3. Nf3 {[%emt 0:00:59]} Bg7 {[%emt 0:00:00]} 4. g3 {[%emt 0:02:20]} O-O {[%emt 0:01:21]} 5. Bg2 {[%emt 0:00:17]} d5 {[%emt 0:00:12]} 6. cxd5 {[%emt 0:00:28]} Nxd5 {[%emt 0:00:07]} 7. O-O {[%emt 0:00:28]} c5 {[%emt 0:00:05]} 8. Qb3 {[%emt 0:02:08]} Nb6 {[%emt 0:06:35]} 9. d3 {[%emt 0:00:54]} Nc6 {[%emt 0:00:39]} 10. Qb5 {[%emt 0:04:55]} Nd7 {[%emt 0:05:01]} 11. Qa4 {[%emt 0:01:42]} Nd4 {[%emt 0:05:59]} 12. Nxd4 {[%emt 0:02:57]} cxd4 {[%emt 0:12:57]} 13. Ne4 {[%emt 0:00:19]} Nb6 {[%emt 0:05:10]} 14. Qa5 {[%emt 0:04:07]} Nd5 {[%emt 0:08:15]} 15. Qxd5 {[%emt 0:01:48]} Qxd5 {[%emt 0:00:06]} 16. Nf6+ {[%emt 0:00:04]} Bxf6 {[%emt 0:00:16]} 17. Bxd5 {[%emt 0:00:05]} Bh3 {[%emt 0:01:32]} 18. Re1 {[%emt 0:04:16]} Rab8 {[%emt 0:00:16]} 19. Bf4 {[%emt 0:05:46]} e5 {[%emt 0:00:11]} 20. Bh6 {[%emt 0:01:45]} Rfd8 {[%emt 0:01:27]} 21. Bb3 {[%emt 0:09:35]} g5 {[%emt 0:17:47]} 22. Rac1 {[%emt 0:02:29]} Rd6 {[%emt 0:03:51]} 23. Rc7 {[%emt 0:01:45]} Bd7 {[%emt 0:00:08]} 24. e3 {[%emt 0:01:22]} Bd8 {[%emt 0:01:32]} 25. Rxd7 {[%emt 0:01:16]} Rxd7 {[%emt 0:00:05]} 26. h4 {[%emt 0:00:31]} gxh4 {[%emt 0:01:59]} 27. exd4 {[%emt 0:00:13]} Rd6 {[%emt 0:00:38]} 28. Be3 {[%emt 0:02:06]} hxg3 {[%emt 0:02:09]} 29. dxe5 {[%emt 0:00:50]} Rxd3 {[%emt 0:04:46]} 30. Bxa7 {[%emt 0:03:00]} gxf2+ {[%emt 0:07:05]} 31. Bxf2 {[%emt 0:00:44]} Be7 {[%emt 0:02:54]} 32. Re4 {[%emt 0:00:56]} Rf3 {[%emt 0:02:59]} 33. Kg2 {[%emt 0:00:57]} Rf5 {[%emt 0:00:19]} 34. Be3 {[%emt 0:02:43]} Kh8 {[%emt 0:00:45]} 35. Rf4 {[%emt 0:14:05]} Rxf4 {[%emt 0:01:57]} 36. Bxf4 {[%emt 0:02:02]} Rg8+ {[%emt 0:00:28]} 37. Kh3 {[%emt 0:01:49]} Kg7 {[%emt 0:00:11]} 38. e6 {[%emt 0:02:25]} f5 {[%emt 0:08:16]} 39. Bd5 {[%emt 0:03:54]} b5 {[%emt 0:00:45]} 40. Bc6 {[%emt 0:03:02]} b4 {[%emt 0:00:06]} 41. Be5+ {[%emt 0:33:30]} Kg6 {[%emt 0:30:58]} 42. Bd4 {[%emt 0:07:45]} Rc8 {[%emt 0:00:00]} 43. Bb5 {[%emt 0:00:00]} h5 {[%emt 0:00:00]} 44. Be5 {[%emt 0:00:00]} Rd8 {[%emt 0:00:00]} 45. Bd7 {[%emt 0:00:00]} Ra8 {[%emt 0:00:00]} 46. Bg3 {[%emt 0:00:00]} Rxa2 {[%emt 0:00:00]} 47. Be8+ {[%emt 0:00:00]} Kh6 {[%emt 0:00:00]} 48. Bf4+ {[%emt 0:00:00]} Kh7 {[%emt 0:00:00]} 49. Be5 {[%emt 0:00:00]} h4 {[%emt 0:00:00]} 50. Bd4 {[%emt 0:00:00]} Ra1 {[%emt 0:00:00]} 51. Bf2 {[%emt 0:00:00]} Rf1 {[%emt 0:00:36]} 52. Kg2 {[%emt 0:00:00]} Rb1 {[%emt 0:00:16]} 53. Bd4 {[%emt 0:00:20]} Rd1 {[%emt 0:00:07]} 54. Be3 {[%emt 0:00:06]} h3+ {[%emt 0:00:32]} 55. Kh2 {[%emt 0:00:11]} Bd6+ {[%emt 0:00:08]} 0-1

[Event "EYTCC U18 Open 2019"]
[Site "Pardubice"]
[Date "2019.07.16"]
[Round "6.29"]
[White "Van Foreest, Lucas"]
[Black "Zarubitski, Viachaslau"]
[Result "1-0"]
[WhiteElo "2521"]
[BlackElo "2424"]
[Annotator "ChessBase"]
[PlyCount "77"]
[EventDate "2019.07.11"]
[EventType "swiss"]
[EventCountry "CZE"]
[SourceTitle "playchess.com"]
[Source "ChessBase"]
[SourceQuality "1"]
[WhiteTeam "Netherlands"]
[BlackTeam "Belarus"]
[WhiteTeamCountry "NED"]
[BlackTeamCountry "BLR"]
[TimeControl "40/5400+30:1800+30"]

1. e4 {[%emt 0:00:00]} e5 {[%emt 0:00:00]} 2. Nf3 {[%emt 0:00:00]} Nf6 {[%emt 0:00:00]} 3. Nxe5 {[%emt 0:00:00]} d6 {[%emt 0:00:00]} 4. Nf3 {[%emt 0:00:00]} Nxe4 {[%emt 0:00:00]} 5. d4 {[%emt 0:00:03]} d5 {[%emt 0:00:00]} 6. Bd3 {[%emt 0:00:20]} Bd6 {[%emt 0:00:00]} 7. O-O {[%emt 0:00:38]} O-O {[%emt 0:00:00]} 8. c4 {[%emt 0:00:09]} c6 {[%emt 0:00:00]} 9. Nc3 {[%emt 0:00:11]} Nxc3 {[%emt 0:00:05]} 10. bxc3 {[%emt 0:00:03]} dxc4 {[%emt 0:00:04]} 11. Bxc4 {[%emt 0:00:06]} Bf5 {[%emt 0:00:03]} 12. Bg5 {[%emt 0:00:47]} Qa5 {[%emt 0:01:09]} 13. Nh4 {[%emt 0:00:10]} Be6 {[%emt 0:00:10]} 14. Bxe6 {[%emt 0:00:06]} Qxg5 {[%emt 0:00:06]} 15. Nf3 {[%emt 0:00:03]} Qa5 {[%emt 0:00:11]} 16. Bb3 {[%emt 0:00:06]} Nd7 {[%emt 0:01:50]} 17. Qd3 {[%emt 0:02:52]} Nf6 {[%emt 0:02:54]} 18. g3 {[%emt 0:00:54]} Rae8 {[%emt 0:13:19]} 19. h4 {[%emt 0:09:29]} Re7 {[%emt 0:12:36]} 20. Rfe1 {[%emt 0:08:32]} Rfe8 {[%emt 0:00:40]} 21. Kg2 {[%emt 0:05:36]} Rxe1 {[%emt 0:02:15]} 22. Rxe1 {[%emt 0:00:19]} Rxe1 {[%emt 0:00:04]} 23. Nxe1 {[%emt 0:00:04]} Nd5 {[%emt 0:09:45]} 24. Nf3 {[%emt 0:01:13]} h6 {[%emt 0:36:47]} 25. c4 {[%emt 0:06:07]} Nf6 {[%emt 0:02:56]} 26. c5 {[%emt 0:00:38]} Bb8 {[%emt 0:00:04]} 27. Qg6 {[%emt 0:14:44]} Nd5 {[%emt 0:00:35]} 28. Bxd5 {[%emt 0:01:22]} cxd5 {[%emt 0:00:01]} 29. Qf5 {[%emt 0:00:16]} Qd8 {[%emt 0:00:04]} 30. Nh2 {[%emt 0:00:26]} b6 {[%emt 0:05:11]} 31. cxb6 {[%emt 0:01:07]} axb6 {[%emt 0:00:12]} 32. Ng4 {[%emt 0:00:41]} b5 {[%emt 0:01:23]} 33. Ne3 {[%emt 0:01:37]} Ba7 {[%emt 0:00:27]} 34. Qe5 {[%emt 0:00:16]} f6 {[%emt 0:03:17]} 35. Qe6+ {[%emt 0:01:03]} Kf8 {[%emt 0:07:20]} 36. h5 {[%emt 0:01:11]} Bxd4 {[%emt 0:00:47]} 37. Nf5 {[%emt 0:00:56]} Bc5 {[%emt 0:03:06]} 38. Nh4 {[%emt 0:00:07]} g5 {[%emt 0:00:08]} 39. hxg6 {[%emt 0:00:10]} 1-0

[Event "EYTCC U18 Open 2019"]
[Site "Pardubice"]
[Date "2019.07.16"]
[Round "6.30"]
[White "BADELKA, Olga"]
[Black "Schoppen, Casper"]
[Result "1/2-1/2"]
[WhiteElo "2386"]
[BlackElo "2493"]
[Annotator "ChessBase"]
[PlyCount "92"]
[EventDate "2019.07.11"]
[EventType "swiss"]
[EventCountry "CZE"]
[SourceTitle "playchess.com"]
[Source "ChessBase"]
[SourceQuality "1"]
[BlackTeam "Netherlands"]
[BlackTeamCountry "NED"]
[TimeControl "40/5400+30:1800+30"]

1. d4 {[%emt 0:00:00]} g6 {[%emt 0:03:24]} 2. c4 {[%emt 0:01:52]} Bg7 {[%emt 0:00:12]} 3. Nc3 {[%emt 0:00:14]} d6 {[%emt 0:00:52]} 4. e4 {[%emt 0:00:35]} e5 {[%emt 0:12:36]} 5. d5 {[%emt 0:01:46]} Nd7 {[%emt 0:01:55]} 6. Be3 {[%emt 0:09:00]} Ne7 {[%emt 0:03:24]} 7. g4 {[%emt 0:01:57]} O-O {[%emt 0:00:58]} 8. Bd3 {[%emt 0:03:00]} f5 {[%emt 0:08:46]} 9. gxf5 {[%emt 0:00:56]} gxf5 {[%emt 0:00:05]} 10. exf5 {[%emt 0:00:51]} Nxf5 {[%emt 0:03:45]} 11. Bxf5 {[%emt 0:00:14]} Rxf5 {[%emt 0:00:05]} 12. Nge2 {[%emt 0:00:46]} Rf7 {[%emt 0:01:37]} 13. Ne4 {[%emt 0:08:15]} Nf6 {[%emt 0:01:57]} 14. Ng5 {[%emt 0:07:28]} Rf8 {[%emt 0:01:04]} 15. Qc2 {[%emt 0:03:50]} Qe8 {[%emt 0:04:44]} 16. Rg1 {[%emt 0:05:12]} Qg6 {[%emt 0:13:31]} 17. Qb3 {[%emt 0:00:46]} Ng4 {[%emt 0:03:17]} 18. c5 {[%emt 0:14:06]} Kh8 {[%emt 0:07:46]} 19. h3 {[%emt 0:07:34]} Nxe3 {[%emt 0:00:26]} 20. fxe3 {[%emt 0:00:06]} Qh5 {[%emt 0:05:41]} 21. Ne6 {[%emt 0:15:19]} Bxe6 {[%emt 0:00:57]} 22. dxe6 {[%emt 0:00:03]} dxc5 {[%emt 0:10:10]} 23. Qc4 {[%emt 0:01:21]} b5 {[%emt 0:09:17]} 24. Qxc5 {[%emt 0:02:08]} Rae8 {[%emt 0:00:59]} 25. Rd1 {[%emt 0:12:45]} Qh4+ {[%emt 0:00:57]} 26. Kd2 {[%emt 0:00:05]} Rxe6 {[%emt 0:00:56]} 27. Kc1 {[%emt 0:00:31]} Qh6 {[%emt 0:02:43]} 28. Kb1 {[%emt 0:00:40]} Rg6 {[%emt 0:00:17]} 29. Rgf1 {[%emt 0:01:29]} Rgf6 {[%emt 0:00:27]} 30. Rg1 {[%emt 0:00:36]} Rg6 {[%emt 0:00:33]} 31. Rgf1 {[%emt 0:00:03]} Rgf6 {[%emt 0:00:04]} 32. Rg1 {[%emt 0:00:02]} a6 {[%emt 0:00:51]} 33. Qxc7 {[%emt 0:00:51]} R6f7 {[%emt 0:00:21]} 34. Qc5 {[%emt 0:01:17]} Qxh3 {[%emt 0:00:47]} 35. Rxg7 {[%emt 0:01:04]} Qf5+ {[%emt 0:00:45]} 36. e4 {[%emt 0:00:20]} Qxe4+ {[%emt 0:00:04]} 37. Ka1 {[%emt 0:00:10]} Qxe2 {[%emt 0:01:24]} 38. Rgg1 {[%emt 0:01:14]} Qe4 {[%emt 0:00:43]} 39. Rge1 {[%emt 0:00:17]} Qf4 {[%emt 0:00:11]} 40. Rxe5 {[%emt 0:00:32]} Qf6 {[%emt 0:00:43]} 41. a3 {[%emt 0:30:38]} Rg7 {[%emt 0:04:48]} 42. Rde1 {[%emt 0:00:00]} Rg2 {[%emt 0:02:52]} 43. Qb4 {[%emt 0:00:00]} Rg6 {[%emt 0:03:35]} 44. Qc5 {[%emt 0:00:00]} Rg2 {[%emt 0:07:39]} 45. Qb4 {[%emt 0:00:00]} Rg6 {[%emt 0:01:33]} 46. Qc5 {[%emt 0:00:00]} Rg2 {[%emt 0:00:05]} 1/2-1/2

[Event "EYTCC U18 Open 2019"]
[Site "Pardubice"]
[Date "2019.07.16"]
[Round "6.31"]
[White "Kevlishvili, Robby"]
[Black "Lazavik, Denis"]
[Result "1/2-1/2"]
[WhiteElo "2480"]
[BlackElo "2339"]
[Annotator "ChessBase"]
[PlyCount "67"]
[EventDate "2019.07.11"]
[EventType "swiss"]
[EventCountry "CZE"]
[SourceTitle "playchess.com"]
[Source "ChessBase"]
[SourceQuality "1"]
[WhiteTeam "Netherlands"]
[BlackTeam "Belarus"]
[WhiteTeamCountry "NED"]
[BlackTeamCountry "BLR"]
[TimeControl "40/5400+30:1800+30"]

1. e4 {[%emt 0:00:00]} e6 {[%emt 0:00:00]} 2. d4 {[%emt 0:00:10]} d5 {[%emt 0:00:16]} 3. Nd2 {[%emt 0:00:27]} c5 {[%emt 0:00:43]} 4. exd5 {[%emt 0:00:32]} Qxd5 {[%emt 0:00:21]} 5. dxc5 {[%emt 0:00:12]} Qxc5 {[%emt 0:00:42]} 6. Ne4 {[%emt 0:02:53]} Qc7 {[%emt 0:13:52]} 7. Nf3 {[%emt 0:00:35]} Nd7 {[%emt 0:07:15]} 8. Bd3 {[%emt 0:00:56]} Ngf6 {[%emt 0:01:27]} 9. Nxf6+ {[%emt 0:00:48]} Nxf6 {[%emt 0:00:14]} 10. O-O {[%emt 0:00:18]} Bd7 {[%emt 0:03:04]} 11. b3 {[%emt 0:08:17]} Bd6 {[%emt 0:05:06]} 12. Bb2 {[%emt 0:00:12]} O-O-O {[%emt 0:06:14]} 13. Re1 {[%emt 0:05:43]} Bc6 {[%emt 0:12:13]} 14. Ne5 {[%emt 0:09:14]} Be4 {[%emt 0:09:56]} 15. Bxe4 {[%emt 0:03:12]} Bxe5 {[%emt 0:03:39]} 16. Bxe5 {[%emt 0:01:14]} Rxd1 {[%emt 0:00:16]} 17. Bxc7 {[%emt 0:00:16]} Rxa1 {[%emt 0:00:58]} 18. Rxa1 {[%emt 0:00:06]} Kxc7 {[%emt 0:00:53]} 19. Bd3 {[%emt 0:01:22]} Nd5 {[%emt 0:04:04]} 20. Kf1 {[%emt 0:03:30]} Rd8 {[%emt 0:02:26]} 21. a3 {[%emt 0:14:58]} b6 {[%emt 0:03:22]} 22. g3 {[%emt 0:03:50]} h6 {[%emt 0:02:20]} 23. Re1 {[%emt 0:01:44]} Nf6 {[%emt 0:00:41]} 24. Ke2 {[%emt 0:03:18]} Rd5 {[%emt 0:01:01]} 25. Kd2 {[%emt 0:01:08]} Ng4 {[%emt 0:02:01]} 26. Re4 {[%emt 0:16:29]} Nxh2 {[%emt 0:08:35]} 27. Ke3 {[%emt 0:00:25]} h5 {[%emt 0:01:08]} 28. Be2 {[%emt 0:00:42]} Ng4+ {[%emt 0:01:14]} 29. Bxg4 {[%emt 0:00:07]} hxg4 {[%emt 0:00:04]} 30. Rxg4 {[%emt 0:00:05]} Re5+ {[%emt 0:00:39]} 31. Kd3 {[%emt 0:00:41]} Rd5+ {[%emt 0:00:19]} 32. Ke3 {[%emt 0:04:41]} Re5+ {[%emt 0:00:33]} 33. Kd3 {[%emt 0:04:13]} Rd5+ {[%emt 0:00:30]} 34. Ke4 1/2-1/2

[Event "EYTCC U18 Open 2019"]
[Site "Pardubice"]
[Date "2019.07.16"]
[Round "6.32"]
[White "Runets, Ivan"]
[Black "Vrolijk, Liam"]
[Result "0-1"]
[WhiteElo "2239"]
[BlackElo "2478"]
[Annotator "ChessBase"]
[PlyCount "90"]
[EventDate "2019.07.11"]
[EventType "swiss"]
[EventCountry "CZE"]
[SourceTitle "playchess.com"]
[Source "ChessBase"]
[SourceQuality "1"]
[WhiteTeam "Belarus"]
[BlackTeam "Netherlands"]
[WhiteTeamCountry "BLR"]
[BlackTeamCountry "NED"]
[TimeControl "40/5400+30:1800+30"]

1. d4 {[%emt 0:00:00]} Nf6 {[%emt 0:00:00]} 2. c4 {[%emt 0:00:00]} g6 {[%emt 0:00:00]} 3. Nc3 {[%emt 0:00:00]} d5 {[%emt 0:00:00]} 4. cxd5 {[%emt 0:06:03]} Nxd5 {[%emt 0:00:00]} 5. Nf3 {[%emt 0:00:55]} Bg7 {[%emt 0:00:52]} 6. g3 {[%emt 0:19:13]} O-O {[%emt 0:03:00]} 7. Bg2 {[%emt 0:00:13]} Nc6 {[%emt 0:04:34]} 8. O-O {[%emt 0:00:54]} e5 {[%emt 0:00:46]} 9. Nxe5 {[%emt 0:23:47]} Nxc3 {[%emt 0:00:20]} 10. bxc3 {[%emt 0:00:01]} Nxe5 {[%emt 0:00:50]} 11. dxe5 {[%emt 0:00:05]} Qxd1 {[%emt 0:06:33]} 12. Rxd1 {[%emt 0:00:05]} Bxe5 {[%emt 0:00:31]} 13. Bf4 {[%emt 0:04:19]} Bxf4 {[%emt 0:06:24]} 14. gxf4 {[%emt 0:00:06]} Rb8 {[%emt 0:00:41]} 15. Rd4 {[%emt 0:06:10]} c5 {[%emt 0:04:21]} 16. Ra4 {[%emt 0:00:59]} a6 {[%emt 0:00:49]} 17. Rd1 {[%emt 0:08:34]} b5 {[%emt 0:07:58]} 18. Ra5 {[%emt 0:05:10]} Rb6 {[%emt 0:01:06]} 19. Rd5 {[%emt 0:02:50]} c4 {[%emt 0:02:56]} 20. Rd4 {[%emt 0:00:53]} Bg4 {[%emt 0:04:22]} 21. e3 {[%emt 0:03:03]} Rc8 {[%emt 0:00:57]} 22. a3 {[%emt 0:01:57]} Kf8 {[%emt 0:00:57]} 23. Be4 {[%emt 0:02:56]} Ke7 {[%emt 0:03:07]} 24. Kg2 {[%emt 0:06:22]} Rd8 {[%emt 0:03:47]} 25. Rxd8 {[%emt 0:00:27]} Kxd8 {[%emt 0:00:07]} 26. a4 {[%emt 0:00:16]} Bd7 {[%emt 0:02:05]} 27. axb5 {[%emt 0:00:23]} axb5 {[%emt 0:00:36]} 28. Ra7 {[%emt 0:01:28]} Be6 {[%emt 0:02:46]} 29. Kf3 {[%emt 0:03:30]} b4 {[%emt 0:00:59]} 30. cxb4 Rxb4 {[%emt 0:00:09]} 31. Ra6 {[%emt 0:03:09]} h5 {[%emt 0:06:59]} 32. Ke2 {[%emt 0:01:19]} Rb2+ {[%emt 0:02:05]} 33. Ke1 {[%emt 0:00:05]} Kd7 {[%emt 0:01:29]} 34. Ra7+ {[%emt 0:00:48]} Kd6 {[%emt 0:01:08]} 35. Ra6+ {[%emt 0:00:32]} Kc5 {[%emt 0:02:33]} 36. Rc6+ {[%emt 0:00:15]} Kb5 {[%emt 0:04:22]} 37. Rc7 {[%emt 0:00:10]} Kb4 {[%emt 0:00:26]} 38. Rb7+ {[%emt 0:01:31]} Kc3 {[%emt 0:00:07]} 39. Rc7 {[%emt 0:00:15]} Rb6 {[%emt 0:03:19]} 40. f5 {[%emt 0:00:39]} gxf5 {[%emt 0:02:16]} 41. Bf3 {[%emt 0:03:36]} h4 {[%emt 0:01:44]} 42. Be2 {[%emt 0:01:58]} Rb1+ {[%emt 0:00:33]} 43. Bd1 {[%emt 0:00:01]} f4 {[%emt 0:00:21]} 44. f3 {[%emt 0:00:49]} fxe3 {[%emt 0:00:27]} 45. Ke2 {[%emt 0:01:19]} Kd4 {[%emt 0:00:07]} 0-1

[Event "EYTCC U18 Open 2019"]
[Site "Pardubice"]
[Date "2019.07.16"]
[Round "6.33"]
[White "Blohberger, Felix"]
[Black "Subelj, Jan"]
[Result "1/2-1/2"]
[WhiteElo "2476"]
[BlackElo "2425"]
[Annotator "ChessBase"]
[PlyCount "92"]
[EventDate "2019.07.11"]
[EventType "swiss"]
[EventCountry "CZE"]
[SourceTitle "playchess.com"]
[Source "ChessBase"]
[SourceQuality "1"]
[WhiteTeam "Austria"]
[BlackTeam "Slovenia"]
[WhiteTeamCountry "AUT"]
[BlackTeamCountry "SLO"]
[TimeControl "40/5400+30:1800+30"]

1. e4 {[%emt 0:00:00]} e5 {[%emt 0:00:15]} 2. Nf3 {[%emt 0:00:01]} Nc6 {[%emt 0:00:29]} 3. Nc3 {[%emt 0:00:16]} Nf6 {[%emt 0:00:39]} 4. Bb5 {[%emt 0:00:13]} Bd6 {[%emt 0:02:11]} 5. d3 {[%emt 0:00:13]} a6 {[%emt 0:05:58]} 6. Ba4 {[%emt 0:00:17]} O-O {[%emt 0:12:28]} 7. O-O {[%emt 0:00:22]} Re8 {[%emt 0:02:56]} 8. a3 {[%emt 0:00:32]} Bf8 {[%emt 0:01:38]} 9. h3 {[%emt 0:13:11]} d6 {[%emt 0:07:32]} 10. Be3 {[%emt 0:03:00]} b5 {[%emt 0:05:12]} 11. Bb3 {[%emt 0:00:12]} h6 {[%emt 0:02:46]} 12. Qd2 {[%emt 0:04:38]} Be6 {[%emt 0:05:11]} 13. Bxe6 {[%emt 0:01:06]} Rxe6 {[%emt 0:00:31]} 14. Nd5 {[%emt 0:05:28]} Ne7 {[%emt 0:00:42]} 15. Nxf6+ {[%emt 0:07:56]} Rxf6 {[%emt 0:00:40]} 16. a4 {[%emt 0:02:59]} Ng6 {[%emt 0:02:42]} 17. Qe2 {[%emt 0:04:11]} d5 {[%emt 0:08:09]} 18. Bd2 {[%emt 0:14:10]} b4 {[%emt 0:09:17]} 19. Rfe1 {[%emt 0:08:30]} b3 {[%emt 0:03:36]} 20. exd5 {[%emt 0:09:30]} bxc2 {[%emt 0:00:16]} 21. Nxe5 {[%emt 0:01:55]} Nxe5 {[%emt 0:00:28]} 22. Qxe5 {[%emt 0:00:14]} Rd6 {[%emt 0:00:06]} 23. Qc3 {[%emt 0:01:43]} Rxd5 {[%emt 0:00:10]} 24. Qxc2 {[%emt 0:00:25]} Rxd3 {[%emt 0:00:05]} 25. Rad1 {[%emt 0:00:52]} Rb8 {[%emt 0:04:52]} 26. Bc3 {[%emt 0:08:29]} Rxd1 {[%emt 0:01:04]} 27. Rxd1 {[%emt 0:00:09]} Qe8 {[%emt 0:00:36]} 28. Rd4 {[%emt 0:01:36]} c5 {[%emt 0:01:59]} 29. Re4 {[%emt 0:01:38]} Qc6 {[%emt 0:00:36]} 30. Qd3 {[%emt 0:01:20]} Rd8 {[%emt 0:01:00]} 31. Qxd8 {[%emt 0:04:05]} Qxe4 {[%emt 0:00:15]} 32. Qd1 {[%emt 0:01:54]} Kh7 {[%emt 0:05:32]} 33. g3 {[%emt 0:02:47]} Be7 {[%emt 0:10:02]} 34. Qg4 {[%emt 0:01:21]} Qb1+ {[%emt 0:01:39]} 35. Kg2 {[%emt 0:00:12]} Bf6 {[%emt 0:02:01]} 36. Bxf6 {[%emt 0:00:37]} gxf6 {[%emt 0:00:04]} 37. Qc4 {[%emt 0:00:21]} Kg7 {[%emt 0:01:34]} 38. Qg4+ {[%emt 0:00:22]} Kh7 {[%emt 0:00:06]} 39. Qc4 {[%emt 0:00:03]} Kg7 {[%emt 0:00:04]} 40. b3 {[%emt 0:02:05]} Qd1 {[%emt 0:03:35]} 41. Qxc5 {[%emt 0:30:41]} Qxb3 {[%emt 0:00:07]} 42. Qc6 {[%emt 0:00:15]} a5 {[%emt 0:01:44]} 43. Qe4 {[%emt 0:00:13]} h5 {[%emt 0:01:44]} 44. Qc6 {[%emt 0:00:37]} Qd3 {[%emt 0:02:14]} 45. h4 {[%emt 0:01:04]} Qb3 {[%emt 0:04:23]} 46. Qb5 {[%emt 0:00:33]} Qxb5 {[%emt 0:00:06]} 1/2-1/2